Revista de Historia. Tabla de contenido: número 53-54, 2006
Bewaard in:
| Formaat: | Boek |
|---|---|
| Taal: | Spanish |
| Gepubliceerd in: |
Costa Rica
2006
|
| Tags: |
Voeg label toe
Geen labels, Wees de eerste die dit record labelt!
|
MARC
| LEADER | 00000nam a22000007a 4500 | ||
|---|---|---|---|
| 003 | cru IIS | ||
| 005 | 20211216100504.0 | ||
| 008 | 211216b2006 cr ||||| |||| 00| 0 spa d | ||
| 040 | |c CRAI UCR | ||
| 245 | |a Revista de Historia. Tabla de contenido: número 53-54, 2006 | ||
| 260 | |a Costa Rica |c 2006 | ||
| 500 | |a Colección Centroamérica | ||
| 505 | |a "Territorio y dignidad". El estado de honduras ante la posesión de la mosquitia e islas de la bahía, 1824-1890 Elizet Payne Iglesias 13-30 // - Los indígenas durante el porfiriato: enrique c. creel y la ley de 1906 para el mejoramiento y cultura de la raza tarahumara en el estado de chihuahua María Esther Montanaro Mena 31-59 // - Evolución de la producción azucarera en el distrito de el general, pérez zeledón, entre la segunda mitad del siglo XIX y la década de 1970 Norman Dimas Durán Barrantes 63-98 // - La innovación tecnológica de la agricultura costarricense 1880-1920 Mario Samper Kutschbach, Carlos Naranjo Gutiérrez 99-114 // - La elite caritativa y la institución psiquiátrica: una lectura desde los años cuarenta Manuel Antonio Solís Avendaño 115-141 // - Guanacaste: el surgimiento de un discurso regionalista, 1900-1926 Soili Buska 143-168 // - La transición energética en costa rica y sus consecuencias, 1911-1929 Frank Notten 169-194 // - La presencia alemana en costa rica durante la era del nacionalsocialismo (1933-1941) Dennis F. Arias Mora 195-220 // - Imágenes de la nada. Entre la duda y la ignorancia. Los primeros pasos en la construcción del país Juan Daniel Gil Zúñiga 223-242 // - Inventario de la botica alemana. San josé de costa rica. Agosto de 1898 Gertrud Peters Solórzano 245-254 // - María Lourdes Cortes, la pantalla rota. cien años de cine en Centroamérica Víctor Hugo Acuña Ortega 257-258 // - Vega Jiménez Patricia. Con sabor a tertulia: historia del consumo de café en costa rica (1840-1940) Gertrud Peters Solórzano 265-268 // - Hacia una historia social de la producción artística: las exposiciones de artes plásticas en costa rica (1928-1937) de Eugenia Zavaleta Ochoa David Díaz Arias 259-264 // - Patricia Alvarenga Venutolo. De vecinos a ciudadanos. Movimientos comunales y luchas cívicas en la historia contemporánea de costa rica José Manuel Cerdas Albertazzi 269-273 // | ||
| 773 | 0 | |0 40579 |9 6420 |a Universidad Nacional de Costa Rica |d Heredia, Costa Rica: EUNA |o 7495 |t Revista de Historia / |x 10129790 | |
| 942 | |2 ddc |c PP | ||
| 999 | |c 44002 |d 44002 | ||
| 773 | 0 | |0 40579 |9 6421 |a Universidad Nacional de Costa Rica |d Heredia, Costa Rica: EUNA |o 7589 |t Revista de Historia / |x 10129790 | |
